000 03416aam a2200385 i 4500
001 ocm77536517
003 EG-ScBUE
005 20240225110224.0
008 070105s2005 nyu f 001 j eng d
020 _a9780553277456
035 _a(OCoLC)ocm77536517
035 _a(OCoLC)77536517
040 _aBGC
_beng
_erda
_cBGC
_dHNK
_dCDX
_dOCLCQ
_dBDX
_dIAD
_dCNTCS
_dWIM
_dOCLCO
_dOCLCQ
_dOCLCF
_dIAD
_dOCL
_dEG-ScBUE
082 0 4 _a808.831
_222
_bFIF
245 0 0 _a50 great short stories /
_cedited by Milton Crane.
246 3 _aFifty great short stories
264 1 _aNew York :
_bBantam Dell,
_c2005.
300 _a571 pages ;
_c18 cm.
336 _atext
_btxt
_2rdacontent
337 _aunmediated
_bn
_2rdamedia
338 _avolume
_bnc
_2rdacarrier
490 0 _aBantam classic
500 _a"Original Bantam edition published August 1952 ... Bantam Classic reissue September 2005"--Title page verso.
500 _aIncludes index.
505 0 0 _tThe garden party /
_rKatherine Mansfield --
_tThe three-day blow /
_rErnest Hemingway --
_tThe standard of living /
_rDorothy Parker --
_tThe Saint /
_rV.S. Pritchett --
_tThe other side of the hedge /
_rE.M. Forster --
_tBrooksmith /
_rHenry James --
_tThe jockey /
_rCarson McCullers --
_tThe courting of Dinah Shadd /
_rRudyard Kipling --
_tThe shot /
_rAlexander Poushkin ; translated by T. Keane --
_tGraven Image /
_rJohn O'Hara --
_tPutois /
_rAnatole France --
_tOnly the dead know Brooklyn /
_rThomas Wolfe --
_tA.V. Laider /
_rMax Beerbohm --
_tThe lottery /
_rShirley Jackson --
_tThe masque of the Red Death /
_rEdgar Allan Poe --
_tLooking back /
_rGuy de Maupassant --
_tThe man higher up /
_rO. Henry --
_tThe summer of the beautiful white horse /
_rWilliam Saroyan.
505 0 0 _tThe other two /
_rEdith Wharton --
_tTheft /
_rKatherine Anne Porter --
_tA good man is hard to find /
_rFlannery O'Connor --
_tThe man of the house /
_rFrank O'Connor --
_tThe man who shot snapping turtles /
_rEdmund Wilson --
_tThe Gioconda smile /
_rAldous Huxley --
_tThe curfew tolls /
_rStephen Vincent Benet --
_tFather wakes up the village /
_rClarence Day --
_tIvy Day in the committee room /
_rJames Joyce --
_tThe chrysanthemums /
_rJohn Steinbeck --
_tThe door /
_rE.B. White --
_tAn upheaval /
_rAnton Chekhov --
_tHow beautiful with shoes /
_rWilbur Daniel Steele --
_tA haunted house /
_rVirginia Woolf --
_tThe catbird seat /
_rJames Thurber --
_tThe Schartz-Metterklume method /
_rH.H. Munro --
_tThe death of a Bachelor /
_rArthur Schnitzler --
_tThe apostate /
_rGeorge Milburn --
_tThe Phoenix /
_rSylvia Townsend Warner --
_tThat evening sun /
_rWilliam Faulkner.
505 0 0 _tThe law /
_rRobert M. Coates --
_tThe tale /
_rJoseph Conrad --
_tA girl from Red Lion, PA /
_rH.L. Mencken --
_tMain currents of American thought /
_rIrwin Shaw --
_tThe ghosts /
_rLord Dunsany --
_tThe minister's black veil /
_rNathaniel Hawthorne --
_tA string of beads /
_rW. Somerset Maugham --
_tThe golden honeymoon /
_rRing Lardner --
_tThe man who could work miracles /
_rH.G. Wells --
_tThe foreigner /
_rFrancis Steegmuller --
_tThrawn Janet /
_rRobert Louis Stevenson --
_tThe chaser /
_rJohn Collier.
520 _a"50 Great Short Stories is a comprehensive selection from the world's finest short fiction ..."--Cover.
650 7 _aShort stories
_vTranslations into English.
_2BUEsh
653 _bHHUUEENN
_cMarch2022
655 _vReading book
_934232
700 1 _aCrane, Milton,
_d1917-
_eeditor.
942 _2ddc
_cBB
999 _c29832
_d29803